| 000 | 00558nam a2200193 a 4500 | ||
|---|---|---|---|
| 001 | 000013339 | ||
| 005 | 20240412074238.0 | ||
| 008 | 091123s1980 dr 000 h spa d | ||
| 040 |
_aDO-SdBNP _bspa _cBNPHU |
||
| 082 |
_ard867.44 _bS479d |
||
| 100 | 1 |
_aSepúlveda, Radhamés _930537 |
|
| 245 | 1 | 0 |
_aDefiniciones / _cRadhamés Sepúlveda. |
| 260 |
_aSanto Domingo : _bTele-3, _c1980. |
||
| 300 |
_a123 p. ; _c22 cm. |
||
| 650 | 4 |
_aSátira dominicana _922186 |
|
| 650 | 4 |
_aHumorismo dominicana _930538 |
|
| 650 | 0 |
_aLiteratura dominicana. _967 |
|
| 049 | _aBNPD | ||
| 999 |
_c12967 _d12967 |
||